000 00286nam a2200133Ia 4500
008 231129s1985||||xx |||||||||||||| ||spa||
040 _bspa
082 _aF841 P466p
100 _aPerse Saint-John
245 0 _aPajaros
260 _c1985
264 _aProcultura
942 _2ddc
_cBKS
999 _c22315
_d22315